01250na a2200241 450000100060000000300080000600500170001400800410003103500100007204000250008204100080010708200270011511101160014224501560025824601020041426001280051630000280064449000300067265000490070265000710075165000720082271001140089416276MIRAKIL20181213154952.0161003b tu 000 0  a16276 aMilasbturcTR-AnCHP atur a346.0820263bB25b 2002 aBankalar Mevzuatındaki Son Değişiklikler ile Bağımsız Denetim Esasları ve UygulamalarıcAnkarad2002 aBankalar mevzuatındaki son değişiklikler ile bağımsız denetim esasları ve uygulamalarıb02 Nisan 2002 Hilton-Ankarac[düzenleyen] TÜRMOB aBankalar mevzuatındaki son değişiklikler ile bağımsız denetim esasları ve uygulamaları aAnkarabTürkiye Serbest Muhasebeci Mali Müşavirler ve Yeminli Mali Müşavirler Odaları Birliği (TÜRMOB)c2002 a122 s.bfotğ.c24 sm. aTÜRMOB yayınlarıv180 aBankacılık hukukuxToplantılarzTürkiye aBankalar ve bankacılıkxDevlet denetimiyToplantılarzTürkiye aBankalar ve bankacılıkxHukuk ve mevzuatyToplantılarzTürkiye aTürkiye Serbest Muhasebeci Mali Müşavirler ve Yeminli Mali Müşavirler Odaları Birliği (TÜRMOB)